000 00706nam a2200193 u 4500
001 000651969
003 AM-YeHGA
005 20250617141233.0
008 090418s1963 ||| r 000 0 rus d
040 _aAM-YeHGA
041 0 _arus
100 1 _aЕршов, Григорий Александрович.
245 1 0 _aДорогой друга :
_bОчерк жизни и творчества Юрия Ивановича Шамшурина /
_cГ. Ершов.
260 _aЯкутск :
_bЯкутское кн. изд-во,
_c1963.
300 _a164 с. :
_bпортр.
600 1 4 _aШамшурин, Юрий Иванович
653 0 _aРусская литература
090 _c236251
999 _c234689
_d234689